| 000 | 02817nam a2200577 i 4500 | ||
|---|---|---|---|
| 001 | 38698 | ||
| 003 | KOSZ 005 | ||
| 005 | 20240405063124.0 | ||
| 008 | 200806s1999 pl a f 100 0 pol | ||
| 015 | _aPB 2000/3272 | ||
| 020 | _a838727870X | ||
| 040 |
_aWA N _cWA N _dKOSZ 005/HR _dKOSZ 005/RW |
||
| 041 | 0 |
_apol _beng |
|
| 046 | _k1999 | ||
| 080 | _a316.422(438) | ||
| 080 | _a331.56/.57(438) | ||
| 080 | _a316.344-057.19(438) | ||
| 245 | 0 | 0 |
_aSpołeczno-ekonomiczne konsekwencje procesów transformacyjnych w regionach o wysokim bezrobociu : _bmateriały III krajowej konferencji naukowej = Socio-economic consequences of transformation process in the regions of high unemployment ratio : III domestic science Conference papers / _c[redakcja Leszek Brożek, Andrzej Suszyński] ; [recenzent: prof. dr hab. Lech Pałosz] ; Politechnika Koszalińska. Wydział Ekonomii i Zarządzania. Katedra Polityki Społeczno-Gospodarczej i Ekonomiki Regionalnej. |
| 246 | 3 | 1 | _aSocio-economic consequences of transformation process in the regions of high unemployment ratio. |
| 246 | 1 | 8 | _aIII Krajowa Konferencja Naukowa Koszalin 1999. |
| 260 |
_aKoszalin : _bWydawnictwo Uczelniane Politechniki Koszalińskiej, _c1999. |
||
| 300 |
_a322 strony : _bilustracje, mapy ; _c24 cm. |
||
| 336 |
_aTekst _btxt _2rdacontent |
||
| 337 |
_aBez urządzenia pośredniczącego _bn _2rdamedia |
||
| 338 |
_aWolumin _bnc _2rdacarrier |
||
| 380 | _aKsiążki | ||
| 380 | _aPublikacje naukowe | ||
| 388 | 1 | _a1901-2000 | |
| 388 | 1 | _a1989-2000 | |
| 504 | _aBibliografia przy referatach. | ||
| 546 | _aStreszczenia w języku angielskim przy referatach. | ||
| 648 | 7 | _a1901-2000 | |
| 648 | 7 | _a1989-2000 | |
| 650 | 7 | _aBezrobocie | |
| 650 | 7 | _aRegionalizacja gospodarcza | |
| 650 | 7 | _aSocjologia gospodarki | |
| 650 | 7 | _aTransformacja systemu społeczno-gospodarczego | |
| 651 | 7 | _aPolska | |
| 655 | 7 | _aMateriały konferencyjne | |
| 658 | _aGospodarka, ekonomia, finanse | ||
| 658 | _aSocjologia i społeczeństwo | ||
| 700 | 1 |
_aBrożek, Leszek _eRedakcja |
|
| 700 | 1 |
_aSuszyński, Andrzej _eRedakcja |
|
| 700 | 1 |
_aPałasz, Lech _d(1937-2009) _eRecenzja |
|
| 710 | 2 |
_aWydział Ekonomii i Zarządzania (Politechnika Koszalińska) _b |
|
| 710 | 2 | _aKatedra Polityki Społeczno-Gospodarczej i Ekonomiki Regionalnej (Politechnika Koszalińska) | |
| 710 | 2 |
_aWydawnictwo Uczelniane (Politechnika Koszalińska) _4pbl |
|
| 856 |
_uhttp://koha.tu.koszalin.pl/cgi-bin/koha/opac-detail.pl?biblionumber=38698 _yKatalog online BPK |
||
| 856 |
_uhttp://dlibra.tu.koszalin.pl/dlibra/docmetadata?id=592&from=&dirids=1&ver_id=&lp=3&QI= _yBiblioteka Cyfrowa |
||
| 942 |
_2UKD _cKS |
||
| 999 |
_c38698 _d38698 |
||